[Event "Montcalm-ch"]
[Site "Quebec CAN"]
[Date "2013.04.25"]
[Round "1"]
[White "Dube, Daniel"]
[Black "Gaulin, Gaetan"]
[Result "1/2-1/2"]
[WhiteElo "1876"]
[BlackElo "2015"]
[PlyCount "97"]
[GameId "2160767909364479"]
[EventDate "2013.04.24"]
[EventType "tourn"]
[EventRounds "5"]
[EventCountry "CAN"]

1. d4 Nf6 2. Nf3 e6 3. e3 b6 4. Bd3 Bb7 5. Nbd2 d5 6. Qe2 Be7 7. O-O O-O 8. Ne5 c5 9. c3 Nbd7 10. f4 Ne4 11. Nxe4 dxe4 12. Bb5 Nxe5 13. fxe5 a6 14. Ba4 f6 15. exf6 Rxf6 16. Rxf6 Bxf6 17. dxc5 bxc5 18. Bb3 Bd5 19. Bc2 Qd6 20. Bd2 Rf8 21. c4 Bc6 22. Bc3 Bxc3 23. bxc3 Qe5 24. Qd2 Be8 25. h3 Bg6 26. Rf1 Rxf1+ 27. Kxf1 h6 28. Kg1 Kh7 29. h4 h5 30. Bb1 Qg3 31. Qf2 Qb8 32. Qc2 Bf5 33. Kh1 Qg3 34. Qd1 Qxh4+ 35. Kg1 Kh6 36. Qf1 Kg5 37. Qd1 Qg3 38. Qd2 Kh6 39. Bc2 h4 40. a4 a5 41. Kh1 h3 42. gxh3 Qxh3+ 43. Kg1 Qg3+ 44. Kh1 Bg6 45. Bd1 Bh5 46. Bxh5 Kxh5 47. Qd7 Qe1+ 48. Kh2 Qf2+ 49. Kh1 1/2-1/2

[Event "Montcalm-ch"]
[Site "Quebec CAN"]
[Date "2013.05.02"]
[Round "2"]
[White "Bleau, John"]
[Black "Auger, Bertrand"]
[Result "0-1"]
[WhiteElo "1999"]
[BlackElo "1948"]
[PlyCount "84"]
[GameId "2160767909364480"]
[EventDate "2013.04.24"]
[EventType "tourn"]
[EventRounds "5"]
[EventCountry "CAN"]

1. d4 Nf6 2. c4 e6 3. g3 d5 4. Bg2 Be7 5. Nf3 O-O 6. O-O dxc4 7. Qc2 a6 8. Qxc4 b5 9. Qc2 Bb7 10. Bd2 c5 11. dxc5 Nbd7 12. b4 a5 13. Rd1 Be4 14. Qc1 axb4 15. Bxb4 Nd5 16. c6 Bxb4 17. cxd7 Qf6 18. Nbd2 Bg6 19. Nh4 Nc3 20. Bxa8 Nxe2+ 21. Kf1 Nxc1 22. Raxc1 Bd3+ 23. Kg1 Ba5 24. Nb3 Be2 25. Nxa5 Bxd1 26. Rc8 Be2 27. Kg2 Qd4 28. Bc6 Qd1 29. g4 g5 30. Kg3 gxh4+ 31. Kxh4 Qd4 32. f3 Qf2+ 33. Kg5 f6+ 34. Kf4 e5+ 35. Kf5 Bd3+ 36. Ke6 Qxa2+ 37. Bd5 Qxa5 38. Ke7+ Kg7 39. Re8 Qa3+ 40. Ke6 Qc5 41. Re7+ Kh6 42. Re8 Rxe8+ 0-1

[Event "Montcalm-ch"]
[Site "Quebec CAN"]
[Date "2013.05.02"]
[Round "2"]
[White "Dube, Daniel"]
[Black "Bonneau, Daniel"]
[Result "1-0"]
[WhiteElo "1876"]
[BlackElo "2044"]
[PlyCount "81"]
[GameId "2160767909364481"]
[EventDate "2013.04.24"]
[EventType "tourn"]
[EventRounds "5"]
[EventCountry "CAN"]

1. e4 e5 2. Nf3 Nc6 3. d4 exd4 4. Nxd4 Nf6 5. Nxc6 bxc6 6. e5 Qe7 7. Qe2 Nd5 8. c4 Ba6 9. b3 Qh4 10. a3 Bc5 11. g3 Bxf2+ 12. Qxf2 Qe4+ 13. Kd1 Qxh1 14. Nd2 Nc3+ 15. Kc2 Ne4 16. Nxe4 Qxe4+ 17. Bd3 Qg4 18. Bf5 Qh5 19. g4 Qh3 20. Bf4 g6 21. Bxd7+ Kxd7 22. e6+ fxe6 23. Qd4+ Kc8 24. Qxh8+ Kb7 25. Qe5 Qg2+ 26. Kc3 Qf3+ 27. Kb4 Rc8 28. Be3 Rb8 29. Qxe6 Qf8+ 30. Ka4 Re8 31. Bh6 Qh8 32. Qf7 Kb6 33. Bg7 Qg8 34. Bd4+ c5 35. Bxc5+ Kxc5 36. Qxc7+ Kd4 37. Rd1+ Ke3 38. Qg3+ Ke4 39. Re1+ Kd4 40. Qd6+ Kc3 41. Rc1+ 1-0

[Event "Montcalm-ch"]
[Site "Quebec CAN"]
[Date "2013.05.07"]
[Round "3"]
[White "Bonneau, Daniel"]
[Black "Gaulin, Gaetan"]
[Result "1/2-1/2"]
[WhiteElo "2044"]
[BlackElo "2015"]
[PlyCount "115"]
[GameId "2160767909364482"]
[EventDate "2013.04.24"]
[EventType "tourn"]
[EventRounds "5"]
[EventCountry "CAN"]

1. e4 e6 2. d3 d5 3. Nd2 Nf6 4. Ngf3 Be7 5. g3 O-O 6. Bg2 c5 7. O-O Nc6 8. Re1 dxe4 9. dxe4 e5 10. c3 Qc7 11. Qc2 Rd8 12. Nf1 h6 13. Be3 Be6 14. Rad1 c4 15. Bc1 Rxd1 16. Rxd1 Qa5 17. a3 Rd8 18. Rxd8+ Qxd8 19. Ne3 b5 20. Bf1 Bc5 21. Nh4 Ng4 22. Nxg4 Bxg4 23. Ng2 Bd1 24. Qb1 Bb3 25. Ne3 Ne7 26. Bg2 Qb6 27. Bd2 a6 28. Qe1 Kf8 29. Nd5 Qa7 30. Be3 Bxe3 31. Qxe3 Qxe3 32. Nxe3 Ke8 33. Kf1 Kd7 34. Ke2 Kd6 35. Kd2 Kc5 36. Bh3 a5 37. Bd7 b4 38. axb4+ axb4 39. Be8 f6 40. Bf7 Ba2 41. f4 exf4 42. gxf4 Bb3 43. h4 Ba2 44. Kc1 bxc3 45. bxc3 Bb3 46. Kb2 Kb5 47. Bh5 Kc5 48. Be8 Kd6 49. Ka3 g5 50. fxg5 fxg5 51. hxg5 hxg5 52. Bh5 Ke5 53. Kb4 Kxe4 54. Nxc4 Bxc4 55. Kxc4 Nc6 56. Kc5 Ne5 57. Be2 g4 58. Bxg4 1/2-1/2

[Event "Montcalm-ch"]
[Site "Quebec CAN"]
[Date "2013.05.09"]
[Round "3"]
[White "Myre, Eric"]
[Black "Bleau, John"]
[Result "1-0"]
[WhiteElo "1974"]
[BlackElo "1999"]
[PlyCount "46"]
[GameId "2160767909364483"]
[EventDate "2013.04.24"]
[EventType "tourn"]
[EventRounds "5"]
[EventCountry "CAN"]

1. d4 d5 2. c4 c6 3. cxd5 cxd5 4. Nc3 Nf6 5. Bf4 e6 6. e3 Be7 7. Bd3 O-O 8. Nf3 Nc6 9. Ne5 Qb6 10. Qe2 h6 11. O-O Bd7 12. Rac1 Rac8 13. Bb1 Nxd4 14. Nxd7 Nxd7 15. Na4 Nb8 16. Qc2 Rfd8 17. Be5 Kf8 18. Bf6 Rc6 19. Rcd1 Bb4 20. Bh4 Qa5 21. Bg5 Bc3 22. bxc3 Qxc3 23. Bf4 Ke7 1-0

[Event "Montcalm-ch"]
[Site "Quebec CAN"]
[Date "2013.05.16"]
[Round "4"]
[White "Myre, Eric"]
[Black "Bonneau, Daniel"]
[Result "0-1"]
[WhiteElo "1974"]
[BlackElo "2044"]
[PlyCount "110"]
[GameId "2160767909364484"]
[EventDate "2013.04.24"]
[EventType "tourn"]
[EventRounds "5"]
[EventCountry "CAN"]

1. c4 Nf6 2. Nc3 g6 3. g3 Bg7 4. Bg2 O-O 5. e4 d6 6. Nge2 e5 7. O-O c6 8. d3 Be6 9. f4 Qb6+ 10. Kh1 Ng4 11. Qe1 Ne3 12. Bxe3 Qxe3 13. Rf3 Qb6 14. f5 Bd7 15. Qd2 f6 16. h4 Na6 17. Bh3 Rae8 18. Kh2 Qd8 19. fxg6 hxg6 20. Raf1 Qc8 21. Ng1 Bxh3 22. Nxh3 Qg4 23. Qf2 Nc5 24. Nd1 Ne6 25. Ne3 Qh5 26. g4 Qh6 27. Qg3 Nd4 28. R3f2 a6 29. g5 fxg5 30. Rxf8+ Rxf8 31. Rxf8+ Bxf8 32. hxg5 Qh5 33. Ng4 Be7 34. Kg2 Bxg5 35. Nxe5 dxe5 36. Qxg5 Qxg5+ 37. Nxg5 Kg7 38. Nf3 Nxf3 39. Kxf3 c5 40. Kg4 Kf6 41. a3 b6 42. Kh4 Kf7 43. Kg5 a5 44. b3 Kg7 45. Kg4 Kh6 46. a4 Kh7 47. Kh4 Kh6 48. Kg4 g5 49. Kg3 Kh5 50. Kf3 g4+ 51. Kg3 Kg5 52. Kg2 Kf4 53. Kf2 g3+ 54. Kg2 Kg4 55. Kg1 Kh3 0-1

[Event "Montreal CC-ch"]
[Site "Montreal CAN"]
[Date "2013.06.14"]
[Round "1"]
[White "Cloutier, Mathieu"]
[Black "Crijavetchi, Veronica"]
[Result "1-0"]
[WhiteElo "2099"]
[BlackElo "1461"]
[PlyCount "85"]
[GameId "2160767909339344"]
[EventDate "2013.06.14"]
[EventType "swiss"]
[EventRounds "5"]
[EventCountry "CAN"]
[SourceTitle "EXT 2022"]
[Source "ChessBase"]
[SourceDate "2021.10.06"]
[SourceVersion "1"]
[SourceVersionDate "2021.10.06"]
[SourceQuality "1"]

1. e4 e5 2. Nf3 Nc6 3. Bb5 Nf6 4. O-O d6 5. d4 Bg4 6. h3 Bd7 7. c3 Be7 8. Re1 O-O 9. Bd3 a6 10. Nbd2 Re8 11. Nf1 Bf8 12. Ng3 g6 13. Bc2 Bg7 14. Bd2 b5 15. a4 Na7 16. Nh2 Qb8 17. a5 Qb7 18. f4 exd4 19. cxd4 c5 20. dxc5 dxc5 21. e5 Nd5 22. Ne4 Qc6 23. Nc3 Nxc3 24. Bxc3 Qc7 25. b4 Rad8 26. Qb1 cxb4 27. Bxb4 Qc4 28. Re4 Qc6 29. Rd4 Be6 30. Be4 Qc8 31. Bd6 f6 32. Bxg6 hxg6 33. Qxg6 Bf7 34. Qg3 fxe5 35. fxe5 Qe6 36. Rf1 Nc6 37. Rg4 Qh6 38. Rf6 Qh7 39. Nf3 Re6 40. Rxf7 Qb1+ 41. Kh2 Kxf7 42. Rxg7+ Ke8 43. Qh4 1-0

[Event "Montreal CC-ch"]
[Site "Montreal CAN"]
[Date "2013.06.14"]
[Round "1"]
[White "Kartobi, Youcef"]
[Black "De Vries, Leonard"]
[Result "0-1"]
[WhiteElo "1452"]
[BlackElo "2049"]
[PlyCount "44"]
[GameId "2160767909339345"]
[EventDate "2013.06.14"]
[EventType "swiss"]
[EventRounds "5"]
[EventCountry "CAN"]
[SourceTitle "EXT 2022"]
[Source "ChessBase"]
[SourceDate "2021.10.06"]
[SourceVersion "1"]
[SourceVersionDate "2021.10.06"]
[SourceQuality "1"]

1. d4 Nf6 2. c4 g6 3. Nf3 Bg7 4. g3 O-O 5. Bg2 c5 6. d5 d6 7. Nc3 Bf5 8. O-O Na6 9. Nd2 Qd7 10. a3 h5 11. Nf3 Bh3 12. Bf4 Bxg2 13. Kxg2 Rad8 14. e4 Nc7 15. Qc2 e5 16. Bg5 Rc8 17. Rae1 b5 18. cxb5 Nxb5 19. Nxb5 Qxb5 20. Nd2 c4 21. Qc3 Rc7 22. Rc1 Rfc8 0-1

[Event "Montreal CC-ch"]
[Site "Montreal CAN"]
[Date "2013.06.14"]
[Round "1"]
[White "Lopez Linares, Lizandro"]
[Black "Smith Lauzon, Olivier"]
[Result "1-0"]
[WhiteElo "2041"]
[BlackElo "1392"]
[PlyCount "71"]
[GameId "2160767909339346"]
[EventDate "2013.06.14"]
[EventType "swiss"]
[EventRounds "5"]
[EventCountry "CAN"]
[SourceTitle "EXT 2022"]
[Source "ChessBase"]
[SourceDate "2021.10.06"]
[SourceVersion "1"]
[SourceVersionDate "2021.10.06"]
[SourceQuality "1"]

1. d4 d5 2. c4 e6 3. Nc3 Nf6 4. Bg5 h6 5. Bh4 Bb4 6. e3 g5 7. Bg3 Ne4 8. Qb3 Nc6 9. Bd3 f5 10. Bxe4 fxe4 11. Nge2 Qe7 12. a3 Bxc3+ 13. Nxc3 dxc4 14. Qxc4 Bd7 15. Nxe4 O-O-O 16. Rc1 Be8 17. Nc5 Na5 18. Qxe6+ Qxe6 19. Nxe6 Rd7 20. Nxc7 Kd8 21. b4 Nc6 22. Ne6+ Ke7 23. Nc5 Rd5 24. Nxb7 Bd7 25. O-O h5 26. h4 gxh4 27. Bxh4+ Ke8 28. b5 Ne7 29. e4 Rxd4 30. Bf6 Rg8 31. Bxd4 Bh3 32. Kh2 Bxg2 33. Rg1 Bxe4 34. Nd6+ Kf8 35. Rxg8+ Kxg8 36. Nxe4 1-0

[Event "Montreal CC-ch"]
[Site "Montreal CAN"]
[Date "2013.06.14"]
[Round "1"]
[White "Struben, Jeroen"]
[Black "Levkovsky, Alexandre"]
[Result "1/2-1/2"]
[WhiteElo "1537"]
[BlackElo "2298"]
[PlyCount "85"]
[GameId "2160767909339347"]
[EventDate "2013.06.14"]
[EventType "swiss"]
[EventRounds "5"]
[EventCountry "CAN"]
[SourceTitle "EXT 2022"]
[Source "ChessBase"]
[SourceDate "2021.10.06"]
[SourceVersion "1"]
[SourceVersionDate "2021.10.06"]
[SourceQuality "1"]

1. d4 Nf6 2. c4 e6 3. Nc3 Bb4 4. Qc2 c5 5. dxc5 Bxc5 6. Nf3 Nc6 7. e3 O-O 8. a3 d5 9. cxd5 exd5 10. Be2 Qe7 11. O-O Rd8 12. b4 Bb6 13. Na4 Bc7 14. Bb2 Ne4 15. Rac1 a6 16. Nc5 Bd6 17. Rfd1 Bf5 18. Bd3 Rac8 19. Qb1 Bg6 20. Nd4 Ne5 21. Nxe4 Rxc1 22. Rxc1 Nxd3 23. Qxd3 Bxe4 24. Qe2 Qh4 25. Nf3 Bxf3 26. Qxf3 Bxh2+ 27. Kf1 Bb8 28. g3 Qe4 29. Qh5 f6 30. Qh3 h6 31. Rc8 Qe8 32. Rxd8 Qxd8 33. Qe6+ Kh8 34. Kg2 Bc7 35. Qf7 Qd6 36. Bd4 b6 37. Kh2 Kh7 38. Bxf6 Qxf6 39. Qxc7 d4 40. Qc2+ Kg8 41. Qc8+ Kh7 42. Qc2+ Kh8 43. Qc8+ 1/2-1/2

[Event "Montreal CC-ch"]
[Site "Montreal CAN"]
[Date "2013.06.14"]
[Round "1"]
[White "Tremblay, Alain"]
[Black "Sonn, Eric"]
[Result "1-0"]
[WhiteElo "2129"]
[BlackElo "1507"]
[PlyCount "45"]
[GameId "2160767909339348"]
[EventDate "2013.06.14"]
[EventType "swiss"]
[EventRounds "5"]
[EventCountry "CAN"]
[SourceTitle "EXT 2022"]
[Source "ChessBase"]
[SourceDate "2021.10.06"]
[SourceVersion "1"]
[SourceVersionDate "2021.10.06"]
[SourceQuality "1"]

1. e4 d6 2. d4 Nf6 3. Nc3 c6 4. Bd3 e5 5. dxe5 dxe5 6. Nf3 Nbd7 7. Ne2 Qc7 8. Ng3 Nc5 9. O-O Be7 10. h3 O-O 11. Be3 a5 12. Qe2 Re8 13. Rfd1 b6 14. a3 a4 15. Bd2 g6 16. Bc3 Nxd3 17. Rxd3 Bc5 18. Qe1 Ba6 19. Rdd1 Bf8 20. Qe3 Nd7 21. h4 Bc5 22. Qh6 Bf8 23. Qe3 1-0

[Event "Montreal CC-ch"]
[Site "Montreal CAN"]
[Date "2013.06.15"]
[Round "2"]
[White "De Vries, Leonard"]
[Black "Ostaci, Liviu"]
[Result "1-0"]
[WhiteElo "2049"]
[BlackElo "1844"]
[PlyCount "61"]
[GameId "2160767909339349"]
[EventDate "2013.06.14"]
[EventType "swiss"]
[EventRounds "5"]
[EventCountry "CAN"]
[SourceTitle "EXT 2022"]
[Source "ChessBase"]
[SourceDate "2021.10.06"]
[SourceVersion "1"]
[SourceVersionDate "2021.10.06"]
[SourceQuality "1"]

1. e4 e5 2. Nc3 Nc6 3. f4 exf4 4. Nf3 d6 5. d4 Bg4 6. Be2 Qd7 7. Bxf4 Nge7 8. d5 Nd8 9. O-O Ng6 10. Bg3 f6 11. Nd4 Bxe2 12. Ncxe2 Be7 13. Nf4 Nxf4 14. Rxf4 O-O 15. Qh5 Qe8 16. Qg4 Qg6 17. Qf3 c5 18. Nf5 Qe8 19. Rg4 Rf7 20. Bxd6 b6 21. Nxe7+ Rxe7 22. Bxe7 Qxe7 23. Rf1 Kh8 24. e5 h5 25. exf6 hxg4 26. fxe7 gxf3 27. e8=Q+ Kh7 28. Rxf3 g5 29. Qh5+ Kg7 30. Qxg5+ Kh7 31. Rh3# 1-0

[Event "Montreal CC-ch"]
[Site "Montreal CAN"]
[Date "2013.06.15"]
[Round "2"]
[White "Gauthier, Luc"]
[Black "Lopez Linares, Lizandro"]
[Result "0-1"]
[WhiteElo "1768"]
[BlackElo "2041"]
[PlyCount "104"]
[GameId "2160767909339350"]
[EventDate "2013.06.14"]
[EventType "swiss"]
[EventRounds "5"]
[EventCountry "CAN"]
[SourceTitle "EXT 2022"]
[Source "ChessBase"]
[SourceDate "2021.10.06"]
[SourceVersion "1"]
[SourceVersionDate "2021.10.06"]
[SourceQuality "1"]

1. e4 c6 2. d4 d5 3. e5 Bf5 4. Nf3 e6 5. Be2 Nd7 6. O-O Rc8 7. c3 c5 8. Qa4 a6 9. Bg5 Qb6 10. Qb3 Qxb3 11. axb3 cxd4 12. cxd4 Bxb1 13. Raxb1 f6 14. exf6 gxf6 15. Rbc1 Rxc1 16. Bxc1 Nb8 17. Bf4 Nc6 18. Rc1 Kd7 19. Kf1 Bh6 20. Be3 Bxe3 21. fxe3 Nh6 22. Bd3 Nf7 23. e4 Nb4 24. Bb1 dxe4 25. Bxe4 Nd6 26. Bb1 h6 27. Nd2 Nc6 28. Nc4 Nb5 29. Nb6+ Kc7 30. d5 Kxb6 31. dxc6 bxc6 32. Be4 Nd4 33. Rc3 a5 34. Rg3 Kc5 35. Rc3+ Kd6 36. Rc4 e5 37. b4 f5 38. Bd3 a4 39. Kf2 Ra8 40. Ke3 a3 41. bxa3 Rxa3 42. Rxd4+ exd4+ 43. Kxd4 Ra4 44. Kc4 c5 45. Bxf5 Rxb4+ 46. Kc3 Kd5 47. h3 Ra4 48. Bc8 Ra3+ 49. Kb2 Re3 50. Bb7+ Kc4 51. Ba6+ Kb4 52. Bb7 Re2+ 0-1

[Event "Montreal CC-ch"]
[Site "Montreal CAN"]
[Date "2013.06.15"]
[Round "2"]
[White "Millette, Sylvain"]
[Black "Cloutier, Mathieu"]
[Result "0-1"]
[WhiteElo "1810"]
[BlackElo "2099"]
[PlyCount "102"]
[GameId "2160767909339352"]
[EventDate "2013.06.14"]
[EventType "swiss"]
[EventRounds "5"]
[EventCountry "CAN"]
[SourceTitle "EXT 2022"]
[Source "ChessBase"]
[SourceDate "2021.10.06"]
[SourceVersion "1"]
[SourceVersionDate "2021.10.06"]
[SourceQuality "1"]

1. Nf3 c5 2. g3 d5 3. Bg2 Nc6 4. d4 cxd4 5. Nxd4 e5 6. Nxc6 bxc6 7. c4 Nf6 8. O-O Rb8 9. cxd5 cxd5 10. Qa4+ Bd7 11. Qxa7 Qc8 12. Qe3 Bd6 13. Nc3 Bc6 14. Rd1 d4 15. Rxd4 Bxg2 16. Kxg2 Qc6+ 17. Kg1 O-O 18. Rd1 Bc5 19. Qg5 Rb4 20. Be3 Ng4 21. Bxc5 Qxc5 22. Qf5 Rf4 23. Ne4 Rxe4 24. Qf3 Nf6 25. Rac1 Rc4 26. Rxc4 Qxc4 27. a3 Qc2 28. Qd3 Qxb2 29. a4 e4 30. Qc4 Qe5 31. e3 Qh5 32. Ra1 Qh3 33. Qf1 Qxf1+ 34. Kxf1 Ra8 35. a5 Ra6 36. Ra4 Nd7 37. Ke2 f5 38. f3 Kf7 39. fxe4 Nc5 40. Ra3 fxe4 41. Kd2 Rxa5 42. Rxa5 Nb3+ 43. Kc3 Nxa5 44. Kd4 Ke6 45. Kxe4 Nc4 46. Kf4 Ne5 47. g4 h6 48. h3 Nd3+ 49. Kf3 g5 50. h4 Ke5 51. hxg5 hxg5 0-1

[Event "Montreal CC-ch"]
[Site "Montreal CAN"]
[Date "2013.06.15"]
[Round "3"]
[White "Barko, Maxim"]
[Black "Boudreau, Daniel"]
[Result "1-0"]
[WhiteElo "1766"]
[BlackElo "2085"]
[PlyCount "73"]
[GameId "2160767909339354"]
[EventDate "2013.06.14"]
[EventType "swiss"]
[EventRounds "5"]
[EventCountry "CAN"]
[SourceTitle "EXT 2022"]
[Source "ChessBase"]
[SourceDate "2021.10.06"]
[SourceVersion "1"]
[SourceVersionDate "2021.10.06"]
[SourceQuality "1"]

1. d4 Nf6 2. Nf3 c5 3. d5 d6 4. Nc3 g6 5. e4 Bg4 6. Be2 Bxf3 7. gxf3 Bg7 8. Be3 Nbd7 9. Qd2 a6 10. a4 Qa5 11. Ra3 h5 12. h4 Ne5 13. Rg1 Rb8 14. f4 Neg4 15. f3 Nxe3 16. Qxe3 Nd7 17. Rg5 Bf6 18. e5 Bxg5 19. hxg5 O-O 20. e6 Nb6 21. exf7+ Kg7 22. Qe6 c4 23. f5 Rxf7 24. Qxg6+ Kf8 25. Qh6+ Rg7 26. Qxh5 Rg8 27. Qh6+ Ke8 28. f4 Nd7 29. Qe6 Rf8 30. f6 Nxf6 31. gxf6 Rxf6 32. Qe4 Rf8 33. Bh5+ Kd7 34. Qe6+ Kd8 35. Bg4 Qc7 36. Ne2 b6 37. Nd4 1-0

[Event "Montreal CC-ch"]
[Site "Montreal CAN"]
[Date "2013.06.15"]
[Round "3"]
[White "Heredia, Jose"]
[Black "De Vries, Leonard"]
[Result "1/2-1/2"]
[WhiteElo "1896"]
[BlackElo "2049"]
[PlyCount "51"]
[GameId "2160767909339356"]
[EventDate "2013.06.14"]
[EventType "swiss"]
[EventRounds "5"]
[EventCountry "CAN"]
[SourceTitle "EXT 2022"]
[Source "ChessBase"]
[SourceDate "2021.10.06"]
[SourceVersion "1"]
[SourceVersionDate "2021.10.06"]
[SourceQuality "1"]

1. e4 e5 2. Nf3 Nc6 3. Bb5 f5 4. Nc3 Nf6 5. Bxc6 dxc6 6. exf5 Bd6 7. d3 Bxf5 8. Bg5 O-O 9. Nh4 Qd7 10. Nxf5 Qxf5 11. Bxf6 Rxf6 12. Ne4 Rg6 13. g3 Bb4+ 14. c3 Be7 15. Qb3+ Kh8 16. Qxb7 Rd8 17. O-O-O h6 18. Qxa7 Rxd3 19. Rxd3 Qxe4 20. Rhd1 Bg5+ 21. Kc2 Rd6 22. Qa6 c5 23. f3 Qe2+ 24. R1d2 Bxd2 25. Qc8+ Kh7 26. Qf5+ 1/2-1/2

[Event "Montreal CC-ch"]
[Site "Montreal CAN"]
[Date "2013.06.15"]
[Round "3"]
[White "Levkovsky, Alexandre"]
[Black "Saha, Ananda"]
[Result "1-0"]
[WhiteElo "2298"]
[BlackElo "1795"]
[PlyCount "79"]
[GameId "2160767909339357"]
[EventDate "2013.06.14"]
[EventType "swiss"]
[EventRounds "5"]
[EventCountry "CAN"]
[SourceTitle "EXT 2022"]
[Source "ChessBase"]
[SourceDate "2021.10.06"]
[SourceVersion "1"]
[SourceVersionDate "2021.10.06"]
[SourceQuality "1"]

1. e4 b6 2. d4 Bb7 3. Nc3 e6 4. g3 Nf6 5. Bg2 Bb4 6. Bg5 h6 7. Bxf6 Qxf6 8. e5 Bxc3+ 9. bxc3 Qf5 10. Bxb7 Nc6 11. Qd3 Qxd3 12. cxd3 Rb8 13. Bxc6 dxc6 14. Ne2 O-O 15. f4 Rfd8 16. Kf2 c5 17. Rhc1 b5 18. Ke3 cxd4+ 19. cxd4 Rb7 20. Rc6 a5 21. Rac1 Rd7 22. Ra6 a4 23. Nc3 a3 24. Rxa3 c5 25. dxc5 Rdc7 26. d4 b4 27. Ra8+ Kh7 28. Ne4 b3 29. Rb1 b2 30. Ra3 Rb4 31. Rb3 Ra4 32. R1xb2 Rd7 33. Nd6 Rda7 34. Rb7 Ra3+ 35. Ke4 R7a4 36. Rxf7 Rc3 37. f5 exf5+ 38. Kxf5 Ra8 39. Rxg7+ Kh8 40. Rb6 1-0

[Event "Montreal CC-ch"]
[Site "Montreal CAN"]
[Date "2013.06.15"]
[Round "3"]
[White "Lopez Linares, Lizandro"]
[Black "Tremblay, Alain"]
[Result "1/2-1/2"]
[WhiteElo "2041"]
[BlackElo "2129"]
[PlyCount "62"]
[GameId "2160767909339358"]
[EventDate "2013.06.14"]
[EventType "swiss"]
[EventRounds "5"]
[EventCountry "CAN"]
[SourceTitle "EXT 2022"]
[Source "ChessBase"]
[SourceDate "2021.10.06"]
[SourceVersion "1"]
[SourceVersionDate "2021.10.06"]
[SourceQuality "1"]

1. d4 d5 2. Nf3 Bf5 3. c4 c6 4. Nc3 e6 5. Qb3 Qb6 6. c5 Qxb3 7. axb3 Nd7 8. b4 a6 9. b5 cxb5 10. Nxb5 Rc8 11. Nc3 Ngf6 12. b4 Ne4 13. Bb2 Be7 14. e3 O-O 15. Nd2 Nxc3 16. Bxc3 Nb8 17. Nf3 f6 18. Kd2 Nc6 19. b5 axb5 20. Bxb5 Ra8 21. Bd3 Bxd3 22. Kxd3 Rxa1 23. Rxa1 Kf7 24. Rb1 Rb8 25. Nd2 Ke8 26. e4 dxe4+ 27. Kxe4 Bd8 28. Nc4 Bc7 29. Nb6 Bxb6 30. Rxb6 Kd7 31. Bd2 f5+ 1/2-1/2

[Event "Montreal CC-ch"]
[Site "Montreal CAN"]
[Date "2013.06.16"]
[Round "4"]
[White "Cloutier, Mathieu"]
[Black "Lopez Linares, Lizandro"]
[Result "0-1"]
[WhiteElo "2099"]
[BlackElo "2041"]
[PlyCount "74"]
[GameId "2160767909339359"]
[EventDate "2013.06.14"]
[EventType "swiss"]
[EventRounds "5"]
[EventCountry "CAN"]
[SourceTitle "EXT 2022"]
[Source "ChessBase"]
[SourceDate "2021.10.06"]
[SourceVersion "1"]
[SourceVersionDate "2021.10.06"]
[SourceQuality "1"]

1. e4 c6 2. d4 d5 3. Nc3 dxe4 4. Nxe4 Bf5 5. Nc5 b6 6. Nb3 e6 7. Nf3 Bd6 8. g3 Nd7 9. Bg2 Rc8 10. Nh4 Bg6 11. Qe2 Ngf6 12. Nxg6 hxg6 13. Bg5 O-O 14. O-O-O Qc7 15. h4 Rfe8 16. Bf3 e5 17. h5 exd4 18. Qf1 c5 19. Qh3 Bf8 20. h6 Qe5 21. Bf4 Qf5 22. hxg7 Bxg7 23. Qg2 Ne5 24. Be2 d3 25. Bxd3 Nxd3+ 26. Rxd3 c4 27. Nd4 Qc5 28. Rdd1 c3 29. Kb1 cxb2 30. Rd2 Nd5 31. Ne2 Rxe2 32. Qxd5 Qxd5 33. Rxd5 Rexc2 34. Rhd1 Bf6 35. Rd6 Kg7 36. Bh6+ Kxh6 37. Rxf6 Rc1+ 0-1

[Event "Montreal CC-ch"]
[Site "Montreal CAN"]
[Date "2013.06.16"]
[Round "4"]
[White "De Vries, Leonard"]
[Black "Barko, Maxim"]
[Result "0-1"]
[WhiteElo "2049"]
[BlackElo "1766"]
[PlyCount "132"]
[GameId "2160767909339360"]
[EventDate "2013.06.14"]
[EventType "swiss"]
[EventRounds "5"]
[EventCountry "CAN"]
[SourceTitle "EXT 2022"]
[Source "ChessBase"]
[SourceDate "2021.10.06"]
[SourceVersion "1"]
[SourceVersionDate "2021.10.06"]
[SourceQuality "1"]

1. e4 e6 2. d4 d5 3. Nd2 Nf6 4. e5 Nfd7 5. Bd3 c5 6. c3 Nc6 7. Ngf3 Qb6 8. O-O cxd4 9. cxd4 Nxd4 10. Qa4 Nxf3+ 11. Nxf3 Qb4 12. Qc2 Qc5 13. Qe2 Be7 14. Be3 Qa5 15. Bg5 Qd8 16. Bxe7 Qxe7 17. Nd4 Nc5 18. Bc2 O-O 19. f4 f5 20. Nb5 Bd7 21. Nd6 Bc6 22. b4 Ne4 23. b5 Be8 24. Bxe4 dxe4 25. Rfc1 a6 26. a4 axb5 27. axb5 Rxa1 28. Rxa1 Qc7 29. Qe3 Bd7 30. Rc1 Qa5 31. Qc3 b6 32. Qxa5 bxa5 33. Rc7 Bxb5 34. Nxb5 Ra8 35. Rc3 h6 36. Ra3 Kf7 37. Nd6+ Kg6 38. Kf2 Kh5 39. Nc4 Kg4 40. g3 Rc8 41. Rc3 Ra8 42. Kg2 g5 43. Ra3 Rc8 44. Ne3+ Kh5 45. Rxa5 Rc3 46. Kf2 Rb3 47. Ra2 Rb1 48. Kg2 Re1 49. Kf2 Rb1 50. h3 gxf4 51. gxf4 Kh4 52. Kg2 Re1 53. Nxf5+ exf5 54. e6 Rc1 55. e7 Rc8 56. Ra6 Rc2+ 57. Kf1 Rc8 58. Rxh6+ Kg3 59. Rf6 Kf3 60. Ke1 e3 61. Kd1 e2+ 62. Kd2 Rc2+ 63. Kxc2 e1=Q 64. Rxf5 Qe4+ 65. Kd2 Qxe7 66. Rd5 Qb4+ 0-1

[Event "Montreal CC-ch"]
[Site "Montreal CAN"]
[Date "2013.06.16"]
[Round "4"]
[White "Nunez, Omar"]
[Black "Heredia, Jose"]
[Result "1-0"]
[WhiteElo "2018"]
[BlackElo "1896"]
[PlyCount "95"]
[GameId "2160767909339362"]
[EventDate "2013.06.14"]
[EventType "swiss"]
[EventRounds "5"]
[EventCountry "CAN"]
[SourceTitle "EXT 2022"]
[Source "ChessBase"]
[SourceDate "2021.10.06"]
[SourceVersion "1"]
[SourceVersionDate "2021.10.06"]
[SourceQuality "1"]

1. e4 c6 2. d3 d5 3. Nd2 e5 4. Ngf3 Bg4 5. g3 Bxf3 6. Qxf3 Nf6 7. Bg2 Nbd7 8. O-O Nb6 9. exd5 cxd5 10. Re1 Qc7 11. Qf5 Bd6 12. f4 Qxc2 13. fxe5 Bc5+ 14. Kh1 Nfd7 15. e6 Nf6 16. exf7+ Kxf7 17. Qe6+ Kf8 18. Qf5 Bb4 19. Qf4 Bxd2 20. Bxd2 Qxd3 21. Bf1 Qg6 22. Qd6+ Kg8 23. Bh3 h5 24. Re7 Kh7 25. Rf1 Ng4 26. Rff7 Rhg8 27. Qf4 Rae8 28. Bxg4 hxg4 29. Rf6 Rxe7 30. Rxg6 Kxg6 31. Qxg4+ Kf7 32. Qf5+ Ke8 33. Qg6+ Kd7 34. Bb4 Ree8 35. a4 Nxa4 36. Qd6+ Kc8 37. Qxd5 Nb6 38. Qf5+ Kb8 39. h4 g6 40. Qg5 Ka8 41. Qa5 Nc4 42. Qa2 Rc8 43. Be7 Rge8 44. Bg5 Ne5 45. Kg2 Rc2+ 46. Kh3 Nd3 47. Be3 Rxb2 48. Qxa7# 1-0